000 00585nam a22001937a 4500
999 _c4596
_d4596
003 AR-CdUCM
008 190311b ||||| |||| 00| 0 spa d
040 _aMUNICIPALIDAD PROVINCIAL DEL CUSCO
_cBIBLIOTECA MUNICIPAL DEL CUSCO
082 _a869.634 /
_bM26
100 _aMartan Gongora, Helcias
_914351
245 _aCauce /
260 _bTalleres editoriales del departamento de Popayan,
_c1953.
300 _a106 páginas ;
_c17.5 cm.
500 _aDonación familia Nieto.
650 _aPoesía colombiana
_910191
650 _aSiglo XX
_98
942 _2ddc
_cLIBROS
945 _aafb